Formuła 1 - składy zespołów 2004 - Statystyki

Ogólne statystyki
  • Ten quiz został rozwiązany 57 razy
  • Średni wynik to 17 z 26
Statystyki odpowiedzi
Zespół Kraj Kierowca Rundy (w przypadku niepełnego sezonu) % Poprawnych
Ferrari Niemcy Michael Schumacher
100%
Williams Niemcy Ralf Schumacher 1-9, 16-18
100%
Renault Hiszpania Fernando Alonso
98%
Ferrari Brazylia Rubens Barrichello
98%
Williams Kolumbia Juan Pablo Montoya
94%
McLaren Finlandia Kimi Raikkonen
94%
Renault Włochy Jarno Trulli 1-15
91%
Toyota Włochy Jarno Trulli 17-18
91%
BAR Wielka Brytania Jenson Button
91%
Jaguar Australia Mark Webber
85%
McLaren Wielka Brytania David Coulthard
83%
Sauber Brazylia Felipe Massa
83%
BAR Japonia Takuma Sato
83%
Sauber Włochy Giancarlo Fisichella
81%
Renault Kanada Jacques Villeneuve 16-18
81%
Jaguar Austria Christian Klien
53%
Jordan Niemcy Timo Glock 8, 16-18
49%
Toyota Francja Olivier Panis 1-17
45%
Minardi Węgry Zsolt Baumgartner
38%
Jordan Niemcy Nick Heidfeld
32%
Williams Hiszpania Marc Gene 10-11
30%
Williams Brazylia Antonio Pizzonia 12-15
23%
Toyota Brazylia Cristiano da Matta 1-12
21%
Jordan Włochy Giorgio Pantano 1-7, 9-15
21%
Toyota Brazylia Ricardo Zonta 13-16, 18
11%
Minardi Włochy Gianmaria Bruni
4%
Nie znaleziono quizów pasujących do podanych kryteriów
Rozkład punktacji
Procent ludzi z każdym wynikiem
Percentyl według liczby udzielonych odpowiedzi
Twoja historia wyników
Nie rozwiązałeś tego quizu